| 000 | 00392nam a22001577a 4500 | ||
|---|---|---|---|
| 020 | _a0072884673 | ||
| 040 | _cNUST | ||
| 082 |
_a657 _bFIN |
||
| 100 |
_aWilliams Haka, _9123939 |
||
| 110 |
_aBettner Carcello _9123940 |
||
| 245 | _aFinancial Accounting | ||
| 250 | _a12th Edition | ||
| 260 |
_aChina: _bStewart Mattson, _c2006. |
||
| 650 |
_aFinancial Accounting _957169 |
||
| 942 |
_2ddc _cBK |
||
| 999 |
_c609947 _d609947 |
||